| 000 | 00502nam a22001577a 4500 | ||
|---|---|---|---|
| 008 | 230410b |||||||| |||| 00| 0 eng d | ||
| 040 |
_aNational Science Library _cNational Science Library |
||
| 080 |
_a338:63](540) _bL5 |
||
| 100 |
_aHanumantha Rao, C H _96540 |
||
| 245 | _aTechnological change and distribution of gains in Indian agriculture | ||
| 260 |
_aDelhi: _bInstitute of Economic Growth, _c1975 |
||
| 300 | _axiv, 249p. | ||
| 650 | _aAgriculture | ||
| 653 | _aEconomic | ||
| 942 |
_2udc _cBK |
||
| 999 |
_c19604 _d19604 |
||